000 00554nam a22001697a 4500
003 OSt
008 260507b |||||||| |||| 00| 0 eng d
020 _a9788127269982
082 _a631.422
_bS61S
100 _aSingh, S. S
245 _aSoil Fertility and Nutrient Management / by S. S. Singh
250 _a 3rd revised ed. reprint
260 _aLudhiana :
_bKalyani Publishers;
_c2025.
300 _a259 p.
650 _aTechnology (Applied Sciences) | Agriculture and Related Technologies | Soil Fertility | Nutrient Management
942 _2ddc
_cBK
999 _c50493
_d50493